000 00780nam a22002531a 4500
001 1259811
005 20110718134043.0
008 771019s1973 ke a 000 1 eng
010 _a73980044
035 _9(DLC) 73980044
040 _aDLC
_cDLC
_dDLC
041 1 _aengswa
050 0 0 _aPZ 4.R64 1966
_bPZ 4.R64 1966
_aPZ 4.R64 1966
100 _aRobert, bin Shaaban
240 1 0 _lEnglish
245 1 0 _aKusadikika : a country in the sky /
_h[Text]
260 _aNairobi
_bEast African Literature
_cc1966
300 _aviii;67 p. : ill
500 _aTranslated from Swahili.
600 _aSwahili Fiction
600 _aSwahili Language - Texts
906 _a7
_bcbc
_corignew
_d4
_encip
_f19
_gy-gencatlg
991 _bc-GenColl
_hPZ4.R64
_iKu 1973
_p00021349161
_tCopy 1
_wBOOKS
999 _c43540
_d43516